00446nam a2200181Ia 4500003000400000008004100004040001600045082001600061100001600077245003800093700001700131260003900148300000800187650001400195650001100209650002100220650002300241GCL140319s9999 xx 000 0 eng d aGCL / cGCL04a914.81bS L1 aBOGER, BERT10aLOOKING AT NORWAY / cBOGER, BERT1 aSTIGEN,TERJE a[S.N] : bDREYERS FORLAG ، c1958 a11804aGEOGRAPHY04aNORWAY04aNORWAY - HISTORY04aNORWAY - GEOGRAPHY